Widok standardowy
Widok MARC
Pozycja Corporate Name
Liczba rekordów, w których użyto hasła: 1
001 - Numer kontrolny
- control field: 39407
003 - Identyfikator numeru kontrolnego
- control field: NUKAT
005 - Data i czas ostatniej modyfikacji
- control field: 20260401145146.0
008 - Dane kontrolne kodowane (40 znaków)
- fixed length control field: 170120n||azznnbabn |a ana |
010 ## - Numer kontrolny Biblioteki Kongresu
- numer kontrolny LC: p 2017016637
024 7# - OTHER STANDARD IDENTIFIER
- Standard number or code: 65148751998741200239
- Source of number or code: viaf
035 ## - Numer systemowy
- numer systemowy: a35871933
035 ## - Numer systemowy
- numer systemowy: (PL)a0000003587193
040 ## - Instytucja sporządzająca rekord
- inst. przygot. dane do rek. khw: WA N
- język haseł przedmiotowych/tezaurus: DBN
- inst. wprow. rek. khw: WA N
043 ## - Kod obszaru geograficznego
- ISO code: PL
046 ## - Special dates
- Establishment date: 1944
- Termination date: 1956
110 2# - Hasło - nazwa ciała zbiorowego
- nazwa ciała zbior. lub geogr. na pocz.: Urząd Bezpieczeństwa (UB)
368 ## - Other Attributes
- Corp type: Służba bezpieczeństwa
370 ## - Associated place
- Country: Polska
- Start period: 1944
- End period: 1956
372 ## - Field of activity
- Field: Bezpieczeństwo publiczne
377 ## - Assoc lang
- Lang code: pol
410 2# - Trop zob. - nazwa ciała zbiorowego
- nazwa ciała zbior. lub geogr. na pocz.: UB
510 2# - Trop zob. też - nazwa ciała zbiorowego
- podpole kontrolne: h
- nazwa ciała zbior. lub geogr. na pocz.: Wydział Ogólno-Administracyjny (Ministerstwo Bezpieczeństwa Publicznego)
550 ## - Trop zob. też - nazwa pospolita
- nazwa posp. lub nazwa geogr. na pocz.: Operacja "Lawina" (1946)